All NBA First NBA Teams - Statistics

General Stats
  • This quiz has been taken 1,058 times
    1,050 since last reset
  • The average score is 96 of 120
Answer Stats
Year Position Player % Correct
Forward LeBron James
98%
Forward LeBron James
98%
Forward LeBron James
98%
Forward LeBron James
98%
Forward LeBron James
98%
Forward LeBron James
98%
Guard Michael Jordan
95%
Guard Michael Jordan
95%
Guard Michael Jordan
95%
Guard Michael Jordan
95%
Guard Michael Jordan
95%
Guard Michael Jordan
95%
1990 Guard Michael Jordan
95%
Guard Michael Jordan
95%
Guard Kobe Bryant
94%
Guard Kobe Bryant
94%
Guard Kobe Bryant
94%
Guard Kobe Bryant
94%
Guard Kobe Bryant
94%
2007 Guard Kobe Bryant
94%
Guard Kobe Bryant
94%
Guard Kobe Bryant
94%
Guard Kobe Bryant
94%
2002 Guard Kobe Bryant
94%
Center Shaquille O'Neal
92%
Center Shaquille O'Neal
92%
Center Shaquille O'Neal
92%
Center Shaquille O'Neal
92%
Center Shaquille O'neal
92%
Center Shaquille O'Neal
92%
Center Shaquille O'Neal
92%
Center Shaquille O'Neal
92%
Guard John Stockton
88%
Guard John Stockton
88%
Forward Tim Duncan
88%
Forward Tim Duncan
88%
Forward Tim Duncan
88%
Forward Tim Duncan
88%
Forward Tim Duncan
88%
Forward Tim Duncan
88%
Forward Tim Duncan
88%
Forward Tim Duncan
88%
Forward Tim Duncan
88%
Guard Allen Iverson
86%
Guard Allen Iverson
86%
Guard Allen Iverson
86%
Forward Scottie Pippen
85%
Forward Scottie Pippen
85%
Forward Scottie Pippen
85%
1991 Guard Magic Johnson
84%
Guard Magic Johnson
84%
1989 Guard Magic Johnson
84%
Guard Steve Nash
84%
2006 Guard Steve Nash
84%
2005 Guard Steve Nash
84%
Center Dwight Howard
83%
Center Dwight Howard
83%
Center Dwight Howard
83%
Center Dwight Howard
83%
Center Dwight Howard
83%
Center Hakeem Olajuwon
83%
Center Hakeem Olajuwon
83%
Center Hakeem Olajuwon
83%
Center Hakeem Olajuwon
83%
Forward Karl Malone
83%
Forward Karl Malone
83%
Forward Karl Malone
83%
Forward Karl Malone
83%
Forward Karl Malone
83%
Forward Karl Malone
83%
Forward Karl Malone
83%
Forward Karl Malone
83%
Forward Karl Malone
83%
Forward Karl Malone
83%
Forward Karl Malone
83%
Forward Kevin Garnett
82%
Forward Kevin Garnett
82%
Forward Kevin Garnett
82%
Forward Kevin Garnett
82%
2010 Guard Dwyane Wade
81%
2009 Guard Dwyane Wade
81%
Forward Kevin Durant
80%
Forward Kevin Durant
80%
Forward Kevin Durant
80%
Forward Dirk Nowitzki
79%
Forward Dirk Nowitzki
79%
Forward Dirk Nowitzki
79%
Forward Dirk Nowitzki
79%
2012 Guard Chris Paul
78%
2008 Guard Chris Paul
78%
Center David Robinson
75%
Center David Robinson
75%
Center David Robinson
75%
Center David Robinson
75%
2004 Guard Jason Kidd
75%
Guard Jason Kidd
75%
2001 Guard Jason Kidd
75%
Guard Jason Kidd
75%
1999 Guard Jason Kidd
75%
2011 Guard Derrick Rose
71%
Forward Charles Barkley
70%
Forward Charles Barkley
70%
Forward Charles Barkley
70%
Forward Charles Barkley
70%
Center Patrick Ewing
64%
2003 Guard Tracy McGrady
61%
Forward Tracy McGrady
61%
2000 Guard Gary Payton
58%
1998 Guard Gary Payton
58%
1992 Guard Clyde Drexler
56%
1997 Guard Tim Hardaway
53%
1996 Guard Penny Hardaway
52%
1995 Guard Penny Hardaway
52%
Center Alonzo Mourning
41%
Forward Chris Webber
37%
Forward Grant Hill
37%
Center Amare Stoudemire
36%
Forward Chris Mullin
32%
1993 Guard Mark Price
25%
1994 Guard Latrell Sprewell
17%
No matching quizzes found
Score Distribution
Percent of People with Each Score
Percentile by Number Answered
Your Score History
You have not taken this quiz since the last reset